000 00385pab a2200145 454500
008 180718b1983 xxu||||| |||| 00| 0 eng d
100 _aMadhusudan, S.
245 _aThe Fourth Pay Commission - a central government employee's view
260 _c1983
300 _a28-3,34
362 _a18 Dec.
650 _aPersonnel, Public - Pay Plans - India
773 _aLink
909 _a15004
999 _c15004
_d15004